000 00621nam a2200229Ia 4500
003 BUBTL
008 151213s9999 xx 000 0 und d
020 _a978-1-84569-220-9
082 _a677.02832MOP
100 _aW.E.Marton/ J.W.S Hearle
_9988
245 _aPhysical Properties Of Textile Fibres
250 _a4th
260 _aLondon
_bTextile Inst. Butterwarth
_cc2008
300 _a[xiv],745p.
_c21.5cm
650 _aTextiles
650 _aTextiles
700 _aW.E.Marton/ J.W.S Hearle
_9989
760 _b4th
856 _k0
_l0
_yDownload
942 _2ddc
_cBK
999 _c3968
_d3968